Mathématique: terminale d. Algèbre et géométrie

সংরক্ষণ করুন:
গ্রন্থ-পঞ্জীর বিবরন
প্রধান লেখক: Condamine, M (Author)
বিন্যাস: গ্রন্থ
ভাষা:ফরাসি
প্রকাশিত: París Delgrave 1972
বিষয়গুলি:
ট্যাগগুলো: ট্যাগ যুক্ত করুন
কোনো ট্যাগ নেই, প্রথমজন হিসাবে ট্যাগ করুন!

MARC

LEADER 00000nam a2200000 a 4500
001 UCQ8849
003 CL-VaPUC
008 981217e19720000FR |||||||||||||||||fre|d
082 0 4 |a 512.12  |b CON  |2 21 
100 0 |a Condamine, M  |e author  |9 423131 
245 1 0 |a Mathématique: terminale d. Algèbre et géométrie 
300 |a 541 p 
942 |c BK 
945 |d 19981217 00:00:00  |a crobeson 
260 |a París  |b Delgrave  |c 1972 
650 0 |a Álgebra  |9 259567 
650 0 |a Geometría   |9 264063 
650 0 |a Matemáticas  |x Enseñanza  |9 875527 
583 |a last modification  |c 19981217 00:00:00  |k Rodrigo Vera 
999 |c 278021  |d 278019 
952 |0 0  |1 0  |4 0  |6 512_120000000000000_CON_1972  |7 0  |8 A  |9 316340  |a BIBMAT  |b BIBMAT  |d 2019-11-20  |i 1304720  |o 512.12 CON 1972  |p 1304720  |r 2025-01-07  |w 2019-11-20  |y BK  |k MAT